banner-ar

GENETIC PROTOCOLS: USING THE GUSGEME AS A REPORTER OF GENE EXPRESSION / (Record no. 10182)

MARC details
000 -الفاتح
حقل البيانات ثابتة الطول 00527nam a2200181Ia 4500
008 - عناصر البيانات ثابتة الطول - معلومات عامة
حقل البيانات ثابتة الطول 140319s9999 xx 000 0 eng d
040 ## - مصدر الفهرسة
وكالة الفهرسة الأصلية GCL /
وكالة النسخ GCL
082 04 - رقم تصنيف ديوى العشرى
رقم التصنيف 574.873224
رقم المادة GG
100 1# - المدخل الرئيسى - إسم شخصى
الإسم الشخصى GOLLAGHER, SEAN R.
245 10 - بيان العنوان
العنوان GENETIC PROTOCOLS: USING THE GUSGEME AS A REPORTER OF GENE EXPRESSION /
بيان المسئوليه,etc GOLLAGHER, SEAN R.
300 ## - الوصف المادى
التعداد 221 P
650 04 - المدخل الاضافى بالموضوع-مصطلح موضوعى
مصطلح موضوعي BETA GLUCURANIDASE GENES
650 04 - المدخل الاضافى بالموضوع-مصطلح موضوعى
مصطلح موضوعي BIOCHEMICAL MARKERS
650 04 - المدخل الاضافى بالموضوع-مصطلح موضوعى
مصطلح موضوعي GNES EXPRESSION
650 04 - المدخل الاضافى بالموضوع-مصطلح موضوعى
مصطلح موضوعي GENETIC ENGINEEING TECHINQUE
942 ## - عناصر المدخل الإضافي( كوها)
مصدر التصنيف او مخطط الترفيف Dewey Decimal Classification
Koha [default] item type كتاب
Holdings
حالة التراجع حالة الفقد حالة تلف ليس للاعارة المكان المؤقت الموقع الحالى تاريخ الاكتساب اجمالي اﻻعارات رقم الطلب الباركود تاريخ اخر مشاهدة تاريخ تفعيل السعر نوع وعاء كوها
        مكتبة القاهرة الكبرى مكتبة القاهرة الكبرى 03/26/2014   574.873224\GG 20795 03/26/2014 03/26/2014 كتاب

Powered By

EGPV